Profile: Pope Francis Quiz Stats

 Plays Quiz Updated Feb 24, 2017

Support Sporcle.
Go Orange.
Score 0/18 Timer 10:00
1 Play Today
Question Papal fact % Correct
Country of birthArgentina
94%
Religious denominationRoman Catholic
81.6%
Succeeded PopeBenedict XVI
74.7%
Year of ascension to Papacy2013
74.3%
City of birthBuenos Aires
71.4%
Father's nationalityItalian
67.3%
Year of birth1936
66.1%
Papal name in honor ofSaint Francis of Assisi
61.3%
Age of time of ascension76
61%
Question Papal fact % Correct
Religious OrderJesuit
55.5%
Named Cardinal byPope John Paul II
51.8%
Year of Ordination1969
47.7%
Year of appointment as Cardinal2001
46.3%
Birth nameJorge Bergoglio
27.8%
Nation of doctoral educationGermany
21.8%
Father's occupationRailroad worker
11.5%
Last pope from outside EuropeGregory III (Syria, 731-741)
10.7%
City of OrdinationSan Miguel
5.6%

You're not logged in!

Compare scores with friends on all Sporcle quizzes.
OR
Log In
Forgot?

From the Vault

Sunday Crossword: Brave the Elements

by Purple_Parrot

We're talking about a little more than just earth, fire, wind, and water.
Remove Ads.
Support Sporcle.
Get the best of Sporcle when you Go Orange. This ad-free experience offers more features, more stats, and more fun while also helping to support Sporcle. Thank you for becoming a member.

Show Comments

Extras

Top Quizzes Today


Score Distribution

Your Account Isn't Verified!

In order to create a playlist on Sporcle, you need to verify the email address you used during registration. Go to your Sporcle Settings to finish the process.

Report this User

Report this user for behavior that violates our Community Guidelines.

Details: